000 00467nam a2200169Ia 4500
003 GCL
008 140319s9999 xx 000 0 ara d
040 _aGCL /
_cGCL
082 0 4 _a813.081
_bح ص
245 1 0 _aصور من البطولة
300 _a573 ص
490 _aالهيئة العامة للاستعلامات
_v0
650 0 4 _aالادب العربى
650 0 4 _aقصص البطولات
650 0 4 _aالقصص التاريخية
942 _2ddc
_cBK
999 _c51040
_d51040